Dependencia y autonomía, 1 /

Guardado en:
Bibliografiske detaljer
Hovedforfatter: O'Donnell, Guillermo
Andre forfattere: Linck, Delfina
Format: Texto
Udgivet: San José: CSUCA
Tags: Tilføj Tag
Ingen Tags, Vær først til at tagge denne postø!

MARC

LEADER 00000 a a2200000 04500
001 21816
003
040
090 |a 097900  
100 |a O'Donnell, Guillermo  
245 |a Dependencia y autonomía, 1 /  |c Guillermo O'Donnell 
260 |a San José:   |b CSUCA  
300 |a 75 p.  
700 |a Linck, Delfina  
999 |c 12576  |d 12576